[Event "HUN-chT2 Erkel 1617"]
[Site "Hungary"]
[Date "2016.09.25"]
[Round "1.9"]
[White "Csaszar, Gyula"]
[Black "Simonyi, Gergo"]
[Result "1-0"]
[WhiteElo "2018"]
[BlackElo "1866"]
[PlyCount "65"]
[EventDate "2016.09.25"]
[EventType "team-tourn"]
[EventRounds "11"]
[EventCountry "HUN"]
[SourceTitle "EXT 2021"]
[Source "ChessBase"]
[SourceDate "2020.10.23"]
[SourceVersion "1"]
[SourceVersionDate "2020.10.23"]
[SourceQuality "1"]
[WhiteTeam "Budapest EAC"]
[BlackTeam "Sarkany DSE"]
[WhiteTeamCountry "HUN"]
[BlackTeamCountry "HUN"]

1. e4 c5 2. Nf3 d6 3. c3 Nf6 4. Be2 Nc6 5. d4 cxd4 6. cxd4 Nxe4 7. d5 Qa5+ 8. Nc3 Nxc3 9. bxc3 Ne5 10. Qd4 Nxf3+ 11. Bxf3 Bd7 12. 0-0 Rc8 13. Bd2 Qc5 14. Qe4 Qc4 15. Qe3 b6 16. Rfe1 e5 17. dxe6 Bxe6 18. Rab1 Be7 19. Be2 Qc5 20. Bb5+ Kd8 21. Qg3 Bf6 22. Bf4 Qxc3 23. Bxd6 Qxg3 24. hxg3 Bd7 25. Ba6 Rc6 26. Rbd1 Re8 27. Rf1 Be5 28. Bb4 g6 29. Rd5 Kc7 30. Rfd1 Bc8 31. Bb5 Rce6 32. Bxe8 Rxe8 33. Rxe5 1-0

[Event "HUN-chT2 Breyer 1516"]
[Site "Hungary"]
[Date "2016.04.03"]
[Round "10.9"]
[White "Simonyi, Gergo"]
[Black "Ritter, Gabor"]
[Result "1/2-1/2"]
[WhiteElo "1866"]
[BlackElo "2069"]
[PlyCount "43"]
[EventDate "2015.09.13"]
[EventType "team-tourn"]
[EventRounds "11"]
[EventCountry "HUN"]
[SourceTitle "EXT 2017"]
[Source "ChessBase"]
[SourceDate "2016.10.25"]
[SourceVersion "1"]
[SourceVersionDate "2016.10.25"]
[SourceQuality "1"]
[WhiteTeam "Sarkany DSE"]
[BlackTeam "Vizugy"]
[WhiteTeamCountry "HUN"]
[BlackTeamCountry "HUN"]

1. e4 c5 2. Nf3 e6 3. d4 cxd4 4. Nxd4 Nc6 5. c4 Nf6 6. Nc3 Be7 7. Be3 d6 8. Be2 Nxd4 9. Bxd4 Bd7 10. 0-0 Bc6 11. Qd3 0-0 12. Rfd1 b6 13. Rac1 Qd7 14. Qg3 Qb7 15. e5 dxe5 16. Bxe5 g6 17. Rd3 Rad8 18. Rcd1 Rxd3 19. Rxd3 Nd7 20. Bd6 Nc5 21. Bxe7 Qxe7 22. Rd6 1/2-1/2

[Event "HUN-chT U18"]
[Site "Miskolc"]
[Date "2011.11.04"]
[Round "4.2"]
[White "Papp, Tamas1111"]
[Black "Simonyi, Gergo"]
[Result "1-0"]
[WhiteElo "1915"]
[BlackElo "1775"]
[PlyCount "47"]
[EventDate "2011.11.02"]
[EventType "team-swiss"]
[EventRounds "8"]
[EventCountry "HUN"]
[SourceTitle "EXT 2012"]
[Source "ChessBase"]
[SourceDate "2011.11.24"]
[SourceVersion "1"]
[SourceVersionDate "2011.11.24"]
[SourceQuality "1"]
[WhiteTeam "Miskolc"]
[BlackTeam "Sarkany II"]
[WhiteTeamCountry "HUN"]
[BlackTeamCountry "HUN"]

1. d4 d5 2. c4 c6 3. Nf3 Nf6 4. e3 e6 5. Bd3 Bd6 6. 0-0 0-0 7. b3 Re8 8. Bb2 Nbd7 9. Nbd2 e5 10. dxe5 Nxe5 11. Nxe5 Bxe5 12. Bxe5 Rxe5 13. Nf3 Rh5 14. Re1 Bg4 15. h3 Be6 16. Rc1 Qd7 17. Bf1 c5 18. Qe2 dxc4 19. Red1 Qe7 20. bxc4 Rd8 21. Rxd8+ Qxd8 22. Rd1 Qa5 23. Qb2 Qc7 24. Qxb7 1-0

[Event "HUN-chT U18"]
[Site "Miskolc"]
[Date "2011.11.02"]
[Round "1.2"]
[White "Simonyi, Gergo"]
[Black "Zsirai, Peter"]
[Result "0-1"]
[WhiteElo "1775"]
[BlackElo "2083"]
[PlyCount "60"]
[EventDate "2011.11.02"]
[EventType "team-swiss"]
[EventRounds "8"]
[EventCountry "HUN"]
[SourceTitle "EXT 2012"]
[Source "ChessBase"]
[SourceDate "2011.11.24"]
[SourceVersion "1"]
[SourceVersionDate "2011.11.24"]
[SourceQuality "1"]
[WhiteTeam "Sarkany II"]
[BlackTeam "Tungsram"]
[WhiteTeamCountry "HUN"]
[BlackTeamCountry "HUN"]

1. e4 c5 2. Nf3 d6 3. d4 cxd4 4. Nxd4 Nf6 5. Nc3 a6 6. Bg5 Nbd7 7. f4 Qc7 8. Qf3 h6 9. Bh4 g5 10. fxg5 hxg5 11. Bxg5 Qc5 12. Nf5 e6 13. Be3 Qb4 14. Nd4 Qxb2 15. Bc1 Qb4 16. Nb3 Ne5 17. Qxf6 Qxc3+ 18. Kd1 Rg8 19. h4 Be7 20. Qf2 Ng4 21. Qe1 Bf6 22. Rb1 Qc7 23. h5 Qb6 24. Ke2 Bd7 25. Qg3 Rc8 26. Rh4 Rxc2+ 27. Ke1 Bxh4 28. Qxh4 Ne3 29. Bxe3 Qxe3+ 30. Kd1 Rgxg2 0-1

[Event "HUN-chT U18"]
[Site "Miskolc"]
[Date "2010.11.06"]
[Round "8.11"]
[White "Hos, Daniel Dominik"]
[Black "Simonyi, Gergo"]
[Result "1-0"]
[WhiteElo "1572"]
[BlackElo "1805"]
[PlyCount "37"]
[EventDate "2010.11.02"]
[EventType "team-swiss"]
[EventRounds "8"]
[EventCountry "HUN"]
[SourceTitle "EXT 2016"]
[Source "ChessBase"]
[SourceDate "2015.10.08"]
[SourceVersion "1"]
[SourceVersionDate "2015.10.08"]
[SourceQuality "1"]

1. d4 d5 2. Bf4 Nf6 3. e3 e6 4. Bd3 c5 5. c3 Nc6 6. Nd2 Qb6 7. Rb1 cxd4 8. exd4 Be7 9. Ngf3 0-0 10. 0-0 Bd7 11. Ne5 Rfd8 12. Qf3 Kf8 13. Qh3 Be8 14. Bxh7 Nxd4 15. cxd4 Qxd4 16. g3 Bb5 17. Rfe1 g6 18. Qh6+ Ke8 19. Qg7 1-0

[Event "HUN-chT U18"]
[Site "Miskolc"]
[Date "2010.11.03"]
[Round "2.4"]
[White "Simonyi, Gergo"]
[Black "Vitalyos, Marton"]
[Result "0-1"]
[WhiteElo "1805"]
[BlackElo "1836"]
[PlyCount "58"]
[EventDate "2010.11.02"]
[EventType "team-swiss"]
[EventRounds "8"]
[EventCountry "HUN"]
[SourceTitle "EXT 2016"]
[Source "ChessBase"]
[SourceDate "2015.10.08"]
[SourceVersion "1"]
[SourceVersionDate "2015.10.08"]
[SourceQuality "1"]

1. e4 c5 2. Nf3 Nc6 3. d4 cxd4 4. Nxd4 g6 5. Be3 Bg7 6. Nc3 d6 7. Qd2 Bd7 8. f3 Nf6 9. g4 a6 10. 0-0-0 Rc8 11. h4 h5 12. g5 Nh7 13. Nxc6 Bxc6 14. Bd4 Bxd4 15. Qxd4 0-0 16. Bc4 Qc7 17. Rd2 Rfd8 18. Bd5 e6 19. Bxc6 bxc6 20. Rhd1 d5 21. exd5 cxd5 22. f4 Nf8 23. Re1 Qa5 24. Re3 Rc4 25. Qa7 d4 26. Re5 dxc3 27. Rxa5 cxd2+ 28. Kd1 Rxc2 29. Rc5 Rxb2 0-1

[Event "HUN-chT U18"]
[Site "Miskolc"]
[Date "2009.10.29"]
[Round "6.13"]
[White "Sarmai, Zsolt"]
[Black "Simonyi, Gergo"]
[Result "1/2-1/2"]
[WhiteElo "1747"]
[BlackElo "1816"]
[PlyCount "71"]
[EventDate "2009.10.26"]
[EventType "team-swiss"]
[EventRounds "8"]
[EventCountry "HUN"]
[SourceTitle "EXT 2016"]
[Source "ChessBase"]
[SourceDate "2015.10.08"]
[SourceVersion "1"]
[SourceVersionDate "2015.10.08"]
[SourceQuality "1"]

1. e4 e5 2. Nf3 Nc6 3. Bb5 a6 4. Ba4 Nf6 5. 0-0 Be7 6. Re1 b5 7. Bb3 0-0 8. a4 b4 9. c3 d6 10. h3 Rb8 11. a5 Rb5 12. cxb4 Nxb4 13. Nc3 Rb8 14. d3 c5 15. Bc4 Ne8 16. Nd5 Be6 17. Nxb4 Rxb4 18. Bd2 Rxb2 19. Bc3 Rb7 20. Bxa6 Ra7 21. Bc4 Bxc4 22. dxc4 Nc7 23. Nd2 Na6 24. Qa4 Qc7 25. Reb1 Rfa8 26. Rb5 Bd8 27. Rb6 Qd7 28. Qxd7 Rxd7 29. Rb5 Rda7 30. Rab1 Kf8 31. Rb7 Nb4 32. Rxa7 Rxa7 33. Bxb4 cxb4 34. Rxb4 Rxa5 35. Nb3 Ra2 36. Rb8 1/2-1/2

[Event "HUN-chT U18"]
[Site "Miskolc"]
[Date "2009.10.27"]
[Round "3.8"]
[White "Simonyi, Gergo"]
[Black "Rakos, Adam"]
[Result "1/2-1/2"]
[WhiteElo "1816"]
[BlackElo "1994"]
[PlyCount "88"]
[EventDate "2009.10.26"]
[EventType "team-swiss"]
[EventRounds "8"]
[EventCountry "HUN"]
[SourceTitle "EXT 2016"]
[Source "ChessBase"]
[SourceDate "2015.10.08"]
[SourceVersion "1"]
[SourceVersionDate "2015.10.08"]
[SourceQuality "1"]

1. e4 c5 2. Nf3 Nc6 3. d4 cxd4 4. Nxd4 e5 5. Nb5 a6 6. Nd6+ Bxd6 7. Qxd6 Qf6 8. Qxf6 Nxf6 9. Nc3 Nb4 10. Bd3 d5 11. exd5 Nfxd5 12. Nxd5 Nxd5 13. 0-0 0-0 14. f4 Nxf4 15. Bxf4 exf4 16. Rxf4 Be6 17. Bc4 Rfe8 18. Rd1 Bxc4 19. Rxc4 Re7 20. Rcd4 f6 21. Kf2 Kf7 22. a4 Rc8 23. c3 Rc5 24. Rd5 Rxd5 25. Rxd5 Ke6 26. c4 Rc7 27. b3 Rc6 28. a5 b5 29. axb6 Rxb6 30. Ra5 f5 31. h3 h6 32. b4 Rxb4 33. Rxa6+ Ke5 34. c5 Rc4 35. Ra7 Rxc5 36. Rxg7 Kf6 37. Rg8 Kf7 38. Ra8 Kf6 39. Rh8 Kg5 40. g4 Rc2+ 41. Kf3 Rc3+ 42. Kg2 f4 43. Rf8 Rc2+ 44. Kf3 Rc3+ 1/2-1/2

[Event "Senta op-B 11th"]
[Site "Senta"]
[Date "2007.07.21"]
[Round "2"]
[White "Simonyi, Gergo"]
[Black "Bozilov, Novica"]
[Result "0-1"]
[WhiteElo "1790"]
[BlackElo "2052"]
[PlyCount "44"]
[EventDate "2007.07.20"]
[EventType "swiss"]
[EventRounds "9"]
[EventCountry "SRB"]
[SourceTitle "EXT 2023"]
[Source "ChessBase"]
[SourceDate "2022.10.05"]
[SourceVersion "1"]
[SourceVersionDate "2022.10.05"]
[SourceQuality "1"]

1. e4 c5 2. Nc3 Nc6 3. g3 g6 4. Bg2 Bg7 5. d3 e6 6. f4 Nge7 7. Nh3 0-0 8. Kf1 Rb8 9. Be3 b6 10. Ng5 d5 11. f5 f6 12. Nxh7 Kxh7 13. fxg6+ Kxg6 14. Qg4+ Kf7 15. Qh5+ Ng6 16. exd5 Rh8 17. dxe6+ Bxe6 18. Qe2 Nd4 19. Qd2 Ne5 20. Re1 Bh3 21. Bf4 Bxg2+ 22. Kxg2 Rxh2+ 0-1